Využívanie konceptu "Digitálny podnik" v priemyselných spoločnostiach
Analýza teoretického pozadia konceptu "Digitálny podnik". Súčasný stav využívania konceptu v priemyselných spoločnostiach na Slovensku bez ohľadu na ich veľkosť.
Salvato in:
| Autore principale: | |
|---|---|
| Altri autori: | , |
| Natura: | Capitolo di libro |
| Lingua: | slovacco |
| Soggetti: | |
| Tags: |
Nessun Tag, puoi essere il primo ad aggiungerne!!
|
MARC
| LEADER | 00000naa a2200000 4500 | ||
|---|---|---|---|
| 001 | 0196322 | ||
| 005 | 20231013085400.3 | ||
| 041 | 0 | |a slo | |
| 044 | |a SK | ||
| 245 | 1 | 0 | |a Využívanie konceptu "Digitálny podnik" v priemyselných spoločnostiach |c Jana Šuranová, Vanesa Prajová, Martina Jakábová |
| 520 | |a Analýza teoretického pozadia konceptu "Digitálny podnik". Súčasný stav využívania konceptu v priemyselných spoločnostiach na Slovensku bez ohľadu na ich veľkosť. | ||
| 610 | 2 | 0 | |a softvér |
| 610 | 2 | 0 | |a systémy informačné organizácií |
| 610 | 2 | 0 | |a riadenie podnikové |
| 610 | 2 | 0 | |a podnik priemyselný |
| 610 | 2 | 0 | |a Slovensko |
| 100 | 1 | |a Šuranová, Jana | |
| 700 | 1 | |a Prajová, Vanesa | |
| 700 | 1 | |a Jakábová, Martina | |